Sprievodca štúdiom na Národohospodárskej fakulte Ekonomickej univerzity v Bratislave akademický rok 2016/2017

Na minha lista:
Detalhes bibliográficos
Autor Corporativo: Ekonomická univerzita v Bratislave. Národohospodárska fakulta
Outros Autores: Neubauerová, Erika, 1968-, Kotesová, Miriam, Čajkovičová, Jana, 1964-
Formato: Livro
Idioma:eslovaco
Publicado em: Bratislava Vydavateľstvo EKONÓM 2016
Edição:1. vyd.
Assuntos:
Tags: Adicionar Tag
Sem tags, seja o primeiro a adicionar uma tag!

MARC

LEADER 00000nam$a2200000$$$4500
001 0222024
005 20240502073635.2
020 |a 978-80-225-4265-4 
041 0 |a slo 
044 |a SK 
245 1 0 |a Sprievodca štúdiom na Národohospodárskej fakulte Ekonomickej univerzity v Bratislave  |b akademický rok 2016/2017  |c zostavili: Erika Neubauerová, Miriam Kotesová, Jana Čajkovičová 
250 |a 1. vyd. 
264 1 |a Bratislava  |b Vydavateľstvo EKONÓM  |c 2016 
300 |a 190 s. 
610 2 0 |a programy študijné 
610 2 0 |a plán učebný 
610 2 0 |a univerzity 
610 2 0 |a vzdelávanie vysokoškolské 
610 2 0 |a štruktúra organizačná 
700 1 |a Neubauerová, Erika, 1968- 
700 1 |a Kotesová, Miriam 
700 1 |a Čajkovičová, Jana, 1964- 
710 2 |a Ekonomická univerzita v Bratislave. Národohospodárska fakulta